[Event "Tourn. n8460"]
[Site "www.chess-mail.com"]
[Date "2015.12.27"]
[Round "1"]
[White "Easychess"]
[Black "Passaroa25"]
[WhiteElo "1540"]
[BlackElo "1650"]
[Result "1-0"]
[Round "1"]
1.e4 c6
2.Nb1c3 d6
3.d4 Nb8d7
4.Ng1f3 Nd7b6
5.a4 e5
6.dxe5 dxe5
7.Qd1xd8 Kxd8
8.Nf3xe5 Bc8e6
9.a5 Nb6d7
10.Ne5xd7 Be6xd7
11.Bc1d2 Ng8e7
12.O-O-O Ne7g6
13.Bf1c4 f6
14.Bd2e3 Ng6e5
15.Bc4e6 Bf8e7
16.f4 Ne5c4
17.Rd1xd7 Ke8
18.Be3f2 Nc4xa5
19.Rh1d1 Rh8f8
20.f5 a6
21.Bf2b6 Be7b4
22.Nc3e2 h5
23.c3 Na5b3
24.Be6xb3 Bb4e7
25.Rd7xb7 Be7d8
26.Bb6xd8 Ra8xd8
27.Rd1xd8 Kxd8
28.Ne2d4 g5
29.Nd4xc6 Ke8
30.Rb7e7 
1-0

[Event "Tourn. n8479"]
[Site "www.chess-mail.com"]
[Date "2015.12.27"]
[Round "1"]
[White "Inez"]
[Black "Forest"]
[WhiteElo "1500"]
[BlackElo "1570"]
[Result "0-1"]
[Round "1"]
1.d4 d5
2.c4 e6
3.Nb1c3 Bf8b4
4.a3 Bb4xc3
5.bxc3 Ng8f6
6.cxd5 exd5
7.e3 O-O
8.Bf1d3 Rf8e8
9.Ng1e2 b6
10.O-O Bc8b7
{ resign }
0-1

[Event "Tourn. n8498"]
[Site "www.chess-mail.com"]
[Date "2015.12.27"]
[Round "1"]
[White "Krystek231"]
[Black "Luban"]
[WhiteElo "1960"]
[BlackElo "2030"]
[Result "0-1"]
[Round "1"]
1.Ng1f3 d5
2.d4 e6
3.c4 h6
4.e3 c5
5.Nb1c3 Ng8f6
6.Bf1e2 a6
7.O-O Bf8e7
8.b3 Nb8c6
9.Bc1b2 O-O
10.Ra1c1 dxc4
11.bxc4 cxd4
12.exd4 Be7b4
13.a3 Bb4xc3
14.Bb2xc3 Nf6e4
15.Bc3b2 Bc8d7
16.Qd1d3 Ne4f6
 { time }
0-1

[Event "Tourn. n8376"]
[Site "www.chess-mail.com"]
[Date "2015.12.27"]
[Round "1"]
[White "Tartan"]
[Black "Ciappo"]
[WhiteElo "2490"]
[BlackElo "2510"]
[Result "1/2-1/2"]
[Round "1"]
1.d4 Ng8f6
2.c4 g6
3.Nb1c3 d5
4.cxd5 Nf6xd5
5.e4 Nd5xc3
6.bxc3 Bf8g7
7.Bf1c4 c5
8.Ng1e2 Nb8c6
9.Bc1e3 O-O
10.O-O cxd4
11.cxd4 Nc6a5
12.Bc4d3 Na5c6
13.Bd3b5 Bc8d7
14.Ra1b1 Nc6a5
15.Qd1a4 Bd7xb5
16.Rb1xb5 b6
17.Rb5d5 Qd8c8
18.Rf1c1 Qc8b7
19.Rd5d7 Qb7xe4
20.Ne2g3 Qe4e6
21.d5 Qe6e5
22.Be3f4 Qe5f6
23.Rc1e1 Qf6d4
24.Qa4xd4 Bg7xd4
25.Rd7xe7 f5
26.Re7c7 Bd4f6
27.d6 Rf8f7
28.d7 Ra8d8
29.Re1d1 Rf7e7
30.Bf4e3 Kf7
31.Ng3e2 g5
32.h4 h6
33.hxg5 hxg5
34.g3 Re7e6
35.Rd1d5 Re6e4
36.Rd5xf5 Ke6
37.Rf5f3 Bf6e5
38.Rc7c8 Rd8xd7
39.Rc8e8 Rd7e7
40.Re8xe7 { draw }
1/2-1/2

[Event "Tourn. n8473"]
[Site "www.chess-mail.com"]
[Date "2015.12.27"]
[Round "1"]
[White "Goosebumps"]
[Black "Norlavuaram"]
[WhiteElo "2060"]
[BlackElo "2290"]
[Result "0-1"]
[Round "1"]
1.e4 e5
2.Nb1c3 Ng8f6
3.Bf1c4 Bf8e7
4.f4 Nb8c6
5.Ng1f3 d6
6.O-O O-O
7.fxe5 dxe5
8.h3 h6
9.d3 Rf8e8
10.Bc1e3 Be7f8
11.d4 exd4
12.Be3xd4 Nc6xd4
13.Nf3xd4 Bf8b4
14.Nd4e2 Bc8e6
15.Bc4d3 a6
16.a3 Bb4c5
17.Kh1 Qd8d7
18.Ne2f4 Ra8d8
19.Qd1e2 Bc5d4
20.Ra1d1 Qd7c8
21.Qe2f3 Bd4e5
22.Nf4e2 c5
23.Ne2c1 b5
24.Qf3e2 c4
25.Qe2e3 cxd3
26.Rd1xd3 Be6c4
27.Rd3xd8 Re8xd8
28.Rf1e1 Qc8c7
29.Nc1e2 Qc7b7
30.Qe3c5 Be5b8
31.Ne2g1 Bb8a7
32.Qc5f5 Bc4e6
33.Qf5f4 Ba7b8
34.Qf4e3 Bb8e5
35.Nc3d1 Qb7c7
36.c3 Be6b3
37.Nd1f2 Be5f4
38.Qe3f3 Bf4e5
39.Qf3e2 Bb3c4
40.Qe2c2 Be5g3
41.Ng1f3 Qc7f4
42.e5 Nf6h5
43.Re1e4 Qf4f5
44.Kg1 Bg3xf2
45.Kxf2 Bc4d3
46.Qc2d2 Qf5xe4
47.Nf3e1 Nh5f4
48.Kg3 Nf4e2
49.Kf2 Ne2f4
50.Kg1 Qe4xe5
51.Ne1f3 Nf4e2
52.Kf2 Qe5f6
{ resign }
0-1

[Event "Tourn. n8551"]
[Site "www.chess-mail.com"]
[Date "2015.12.27"]
[Round "1"]
[White "Faerieking"]
[Black "Yangqi"]
[WhiteElo "2280"]
[BlackElo "2620"]
[Result "0-1"]
[Round "1"]
1.e4 c5
2.d4 cxd4
3.c3 dxc3
4.Bf1c4 cxb2
5.Bc1xb2 e6
6.Ng1e2 Ng8f6
7.Nb1c3 Nb8c6
8.O-O a6
9.Qd1d2 b5
10.Bc4b3 Bc8b7
11.f3 Bf8c5
12.Kh1 O-O
13.Rf1d1 Qd8b6
{ resign }
0-1

[Event "Tourn. n8477"]
[Site "www.chess-mail.com"]
[Date "2015.12.27"]
[Round "1"]
[White "Goosebumps"]
[Black "Libiesse"]
[WhiteElo "2110"]
[BlackElo "2050"]
[Result "1-0"]
[Round "1"]
1.e4 c5
2.Nb1c3 e6
3.Ng1f3 a6
4.a4 Nb8c6
5.d4 cxd4
6.Nf3xd4 Bf8b4
7.Bf1e2 Ng8e7
8.O-O Bb4xc3
9.bxc3 d5
10.exd5 Ne7xd5
11.c4 Nc6xd4
12.Qd1xd4 Nd5f6
13.Qd4xd8 Kxd8
14.Bc1g5 Ke7
15.f4 Bc8d7
16.Rf1d1 Rh8d8
17.Be2f3 Ra8b8
18.Kf2 h6
19.Bg5h4 Bd7c6
20.Bf3xc6 bxc6
21.Rd1xd8 Rb8xd8
22.Ke3 Rd8h8
23.h3 Rh8b8
24.g4 Rb8b2
25.Kd3 Kd6
26.Bh4xf6 gxf6
27.Kc3 Rb2b8
28.Kd4 e5
29.fxe5 fxe5
30.Kc3 Kc5
31.Ra1f1 Rb8b4
32.Rf1xf7 Rb4xc4
33.Kb3 Rc4b4
34.Ka3 Rb4c4
35.Rf7h7 Rc4xc2
36.Rh7xh6 Rc2c3
37.Kb2 Rc3g3
38.Rh6h5 Kd5
39.g5 c5
40.h4 c4
41.Rh5h6 e4
42.Rh6xa6 Kd4
43.Ra6d6 Ke5
44.Rd6d1 e3
45.Kc2 Rg3h3
46.g6 Rh3xh4
47.Rd1g1 Rh4h2
48.Kc3 e2
49.g7 { resign }
1-0

[Event "Tourn. n8546"]
[Site "www.chess-mail.com"]
[Date "2015.12.27"]
[Round "1"]
[White "Yangqi"]
[Black "Faerieking"]
[WhiteElo "2610"]
[BlackElo "2270"]
[Result "1-0"]
[Round "1"]
1.e4 d5
2.exd5 Ng8f6
3.Ng1f3 Nf6xd5
4.d4 Bc8f5
5.a3 a6
6.c4 Nd5f6
7.Qd1b3 Qd8c8
8.Nb1c3 e6
9.Nf3h4 Bf8d6
10.Nh4xf5 exf5
11.c5 Bd6e7
12.Bc1f4 O-O
13.Bf1e2 Nb8c6
14.Ra1d1 Rf8e8
15.O-O Ra8b8
16.d5 Nc6a5
17.Qb3a4 { resign }
1-0

[Event "Tourn. n8487"]
[Site "www.chess-mail.com"]
[Date "2015.12.27"]
[Round "1"]
[White "Lyko"]
[Black "Luban"]
[WhiteElo "1879"]
[BlackElo "2030"]
[Result "0-1"]
[Round "1"]
1.e4 c5
2.Nb1c3 a6
3.d3 e6
4.g3 d5
5.exd5 exd5
6.Bf1g2 Bc8e6
7.f4 Ng8f6
8.Ng1f3 Nb8c6
9.O-O Ra8c8
10.Nf3e5 Bf8e7
11.Qd1e2 O-O
12.Bc1d2 b5
13.f5 Nc6d4
14.Qe2f2 Nd4xf5
15.g4 Nf5d4
16.g5 Nf6g4
17.Ne5xg4 Be6xg4
18.Bg2xd5 Nd4e2
19.Nc3xe2 Qd8xd5
20.Ne2g3 Be7xg5
21.Bd2xg5 Qd5xg5
22.Ng3e4 Qg5g6
23.Kh1 f5
24.Ne4xc5 Qg6c6
25.Kg1 Qc6xc5
26.Qf2xc5 Rc8xc5
27.c3 Bg4e2
{ resign }
0-1

[Event "Tourn. n8505"]
[Site "www.chess-mail.com"]
[Date "2015.12.27"]
[Round "1"]
[White "Falcoale"]
[Black "Expert"]
[WhiteElo "1880"]
[BlackElo "1850"]
[Result "0-1"]
[Round "1"]
1.e4 Ng8f6
2.e5 Nf6d5
3.d4 d6
4.Ng1f3 g6
5.c4 Nd5b6
6.Bf1e2 Bf8g7
7.O-O O-O
8.Bc1f4 Nb8c6
9.Nb1c3 Bc8g4
 { time }
0-1

[Event "Tourn. n8558"]
[Site "www.chess-mail.com"]
[Date "2015.12.27"]
[Round "1"]
[White "Yangqi"]
[Black "Masteratches"]
[WhiteElo "2630"]
[BlackElo "2460"]
[Result "1/2-1/2"]
[Round "1"]
1.e4 e5
2.f4 exf4
3.Bf1c4 Qd8h4
4.Kf1 d6
5.d4 Nb8c6
6.Ng1f3 Bc8g4
7.Bc4b5 Qh4h5
8.Nb1c3 f5
9.Qd1d3 O-O-O
10.Bb5xc6 bxc6
11.Bc1xf4 fxe4
12.Nc3xe4 Bf8e7
13.Bf4d2 { draw }
1/2-1/2

[Event "Tourn. n8472"]
[Site "www.chess-mail.com"]
[Date "2015.12.27"]
[Round "1"]
[White "Cardiff"]
[Black "Jhw"]
[WhiteElo "1900"]
[BlackElo "1920"]
[Result "1-0"]
[Round "1"]
1.d4 e6
2.c4 c6
3.Ng1f3 h5
4.Nb1c3 a6
5.e4 b5
6.a3 c5
7.cxb5 axb5
8.Bf1xb5 cxd4
9.Qd1xd4 Qd8c7
10.Bc1e3 f6
11.O-O h4
12.Ra1c1 g5
13.Nf3xg5 e5
14.Qd4d5 Bc8b7
15.Qd5f7 { resign }
1-0

[Event "Tourn. n8501"]
[Site "www.chess-mail.com"]
[Date "2015.12.27"]
[Round "1"]
[White "Huw"]
[Black "Bojan"]
[WhiteElo "2160"]
[BlackElo "2010"]
[Result "1-0"]
[Round "1"]
1.d4 g6
2.c4 d5
3.Ng1f3 Bf8g7
4.Nb1c3 dxc4
5.e3 c6
6.Bf1xc4 Ng8f6
7.O-O Bc8f5
8.a4 Nb8d7
9.Qd1b3 O-O
10.Qb3xb7 Nd7b6
11.Bc4e2 Nf6e4
12.Nc3xe4 Bf5xe4
13.a5 Nb6d7
14.Nf3g5 Be4f5
15.Qb7xc6 e5
16.Ng5f3 Rf8e8
17.Rf1d1 Re8e6
18.Qc6a4 e4
19.Nf3e1 Ra8c8
20.Bc1d2 Re6c6
21.Bd2b4 Nd7f6
22.Bb4c5 Bf5d7
23.Be2b5 Rc6c7
24.Bb5xd7 Nf6xd7
25.b4 Qd8f6
26.Ra1c1 Nd7xc5
27.bxc5 Qf6a6
28.Ne1c2 Kf8
29.Nc2b4 Qa6b7
30.Rc1b1 Qb7a8
31.h3 f5
32.Rd1d2 Kf7
33.Qa4b3 Kf8
34.Nb4d5 Rc7d7
35.Nd5f4 Bg7f6
36.Rd2c2 Bf6d8
37.Qb3b5 Ke7
38.c6 Rd7c7
39.Qb5e5 Kf7
40.Rb1b7 Rc7e7
41.Qe5e6 Kf8
42.Qe6f6 Kg8
43.Nf4e6 Re7xb7
44.Qf6f8 { resign }
1-0

[Event "Tourn. n8396"]
[Site "www.chess-mail.com"]
[Date "2015.12.27"]
[Round "1"]
[White "Rons"]
[Black "Aperturaf"]
[WhiteElo "2580"]
[BlackElo "2390"]
[Result "1/2-1/2"]
[Round "1"]
1.e4 e6
2.d4 d5
3.Nb1c3 Ng8f6
4.Bc1g5 Bf8b4
5.e5 h6
6.Bg5d2 Bb4xc3
7.bxc3 Nf6e4
8.Qd1g4 Kf8
9.Bf1d3 Ne4xd2
10.Kxd2 c5
11.h4 Nb8c6
12.Rh1h3 c4
13.Bd3e2 b5
14.Qg4f4 Nc6e7
15.Be2h5 g6
16.Qf4f6 Kg8
17.Bh5e2 a5
18.h5 Qd8f8
19.Ra1b1 Ra8b8
20.Be2g4 g5
21.f4 gxf4
22.Rb1f1 Ne7c6
23.Rf1xf4 Qf8e7
24.Rh3g3 Qe7xf6
25.Rf4xf6 Kf8
26.Bg4h3 Ke8
27.Ng1e2 b4
28.Rg3g7 Nc6d8
29.Ne2f4 Bc8d7
30.Bh3g4 Rb8b7
31.Bg4f3 Rb7b8
32.Bf3d1 Rb8b7
33.Bd1g4 Bd7c6
34.Bg4f3 Bc6d7
35.Rg7g4 Bd7a4
36.Rg4g3 Ba4b5
37.Bf3d1 Bb5a4
38.Kc1 Ba4b5
39.Kb2 Bb5d7
40.Rg3g7 Bd7a4
41.Bd1f3 bxc3
42.Kxc3 Rb7b1
43.Nf4e2 Rb1d1
44.a3 Rd1b1
45.Bf3g4 Rb1e1
46.Rf6f4 Kf8
47.Rg7g6 Ke7
48.Rg6f6 Re1d1
49.Bg4f3 Rh8h7
50.Rf4g4 Kf8
51.g3 Nd8c6
52.Ne2f4 Rd1c1
53.Kb2 Rc1xc2
54.Kb1 c3
55.Nf4xe6 Ke7
56.Ne6f4 Rc2b2
57.Ka1 Rb2b3
58.Nf4xd5 Kf8
59.Nd5e3 Rb3xa3
60.Kb1 Nc6b4
61.Bf3e4 Ra3a2
62.Be4xh7 Ra2b2
63.Ka1 Rb2a2
{ draw }
1/2-1/2

[Event "Match"]
[Site "www.echecsemail.com"]
[Date "2015.12.27"]
[Round "1"]
[White "Fangshuo"]
[Black "Forest"]
[WhiteElo "2130"]
[BlackElo "1570"]
[Result "1-0"]
[Round "1"]
1.e4 e5
2.Ng1f3 Nb8c6
3.d4 exd4
4.Nf3xd4 Bf8c5
5.Nd4f3 d6
6.Bf1e2 Ng8f6
7.Nf3d2 O-O
8.O-O Rf8e8
9.Nb1c3 a6
10.Kh1 Nc6d4
11.Nd2b3 Nd4xb3
12.axb3 Nf6xe4
13.Nc3xe4 Re8xe4
14.Be2d3 Re4e8
15.Ra1a4 Bc8d7
16.Bd3xh7 Kxh7
17.Qd1h5 Kg8
18.Ra4h4 Kf8
19.Qh5h8 Ke7
20.Bc1g5 Ke6
21.Qh8xg7 Re8g8
22.Rf1e1 { resign }
1-0

[Event "Match"]
[Site "www.echecsemail.com"]
[Date "2015.12.27"]
[Round "1"]
[White "Rindrandria"]
[Black "Ranjachess"]
[WhiteElo "1570"]
[BlackElo "1720"]
[Result "0-1"]
[Round "1"]
1.e4 d5
2.c4 dxe4
3.Nb1c3 Ng8f6
4.b3 e5
5.f3 e3
6.d3 Bf8b4
7.Bc1b2 Qd8d4
8.Ng1e2 Qd4d6
9.Qd1c1 Qd6xd3
10.Ne2g3 Qd3d4
11.a3 Bb4xc3
12.Bb2xc3 Qd4c5
13.b4 Qc5d6
14.Qc1xe3 O-O
15.Bc3xe5 Rf8e8
16.f4 Nf6g4
17.Qe3c3 Ng4xe5
18.fxe5 Re8xe5
19.Bf1e2 Bc8g4
20.Ra1d1 Qd6f6
21.Qc3d4 h5
22.Rh1f1 Nb8c6
23.Qd4g1 Qf6e6
24.Rf1f2 h4
25.h3 hxg3
26.hxg4 gxf2
27.Qg1xf2 Qe6xg4
28.Kf1 Qg4e4
29.Be2d3 Qe4g4
30.b5 Qg4xd1
31.Qf2e1 Qd1xe1

0-1

[Event "Match"]
[Site "www.echecsemail.com"]
[Date "2015.12.27"]
[Round "1"]
[White "Luzhin"]
[Black "Jhw"]
[WhiteElo "2230"]
[BlackElo "1960"]
[Result "1-0"]
[Round "1"]
1.e4 c5
2.c3 e5
3.Ng1f3 Bf8d6
4.d4 cxd4
5.cxd4 exd4
6.Qd1xd4 Qd8e7
7.Qd4xg7 Qe7xe4
8.Bc1e3 b6
9.Qg7xh8 Bd6f4
10.Qh8xg8 Ke7
11.Nb1c3 Qe4b4
12.Be3xf4 Qb4xf4
13.Nc3d5 { resign }
1-0

[Event "Match"]
[Site "www.echecsemail.com"]
[Date "2015.12.27"]
[Round "1"]
[White "Schwiizer"]
[Black "Pgcbies"]
[WhiteElo "2770"]
[BlackElo "2670"]
[Result "1/2-1/2"]
[Round "1"]
1.e4 e5
2.Ng1f3 Nb8c6
3.Bf1b5 a6
4.Bb5a4 Ng8f6
5.O-O b5
6.Ba4b3 Bf8e7
7.d4 Nf6xe4
8.dxe5 Ne4c5
9.Bb3d5 Bc8b7
10.Qd1e2 Ra8b8
11.Nb1c3 O-O
12.Rf1d1 Nc5e6
13.Qe2e4 Kh8
14.Bc1e3 Qd8c8
15.Qe4f5 f6
16.exf6 Be7xf6
17.Bd5e4 g6
18.Qf5h3 Kg8
19.Rd1e1 Nc6e5
20.Nf3xe5 Bf6xe5
21.Be3h6 Be5xc3
22.Qh3xc3 Rf8f7
23.Be4d3 Qc8d8
24.Bh6e3 Ne6f4
25.Be3xf4 Rf7xf4
26.f3 d6
27.Re1e2 c5
28.Ra1d1 Qd8f8
29.Qc3e1 c4
30.Bd3e4 Bb7xe4
31.Re2xe4 Rf4xe4
32.Qe1xe4 Rb8e8
33.Qe4d5 Kg7
34.Qd5d4 Kg8
35.b3 Qf8f5
36.bxc4 Qf5xc2
37.Qd4d5 Kh8
38.Qd5xd6 Qc2xa2
39.cxb5 axb5
40.h3 Qa2e6
41.Qd6d4 Kg8
42.Kh1 Qe6e5
43.Qd4b4 Re8e7
44.Rd1b1 { draw }
1/2-1/2

[Event "Match"]
[Site "www.echecsemail.com"]
[Date "2015.12.27"]
[Round "1"]
[White "Goofy"]
[Black "Jhw"]
[WhiteElo "2210"]
[BlackElo "2020"]
[Result "1-0"]
[Round "1"]
1.e4 d5
2.exd5 Qd8xd5
3.Nb1c3 Qd5e5
4.Bf1e2 Bc8f5
5.d4 Qe5a5
6.Ng1f3 e6
7.Bc1d2 Bf8b4
8.Nf3h4 Ng8f6
9.Nh4xf5 exf5
10.a3 Bb4xc3
11.Bd2xc3 Qa5d5
12.Qd1d3 Qd5xg2
13.Be2f3 Qg2h3
14.Bf3c6 Nb8xc6
15.Qd3xh3 Nf6e4
16.Qh3xf5 { resign }
1-0

[Event "Match"]
[Site "www.echecsemail.com"]
[Date "2015.12.27"]
[Round "1"]
[White "Forest"]
[Black "Bojan"]
[WhiteElo "1570"]
[BlackElo "2000"]
[Result "0-1"]
[Round "1"]
1.d4 g6
2.e4 Bf8g7
3.Nb1c3 e5
4.dxe5 Bg7xe5
5.Ng1f3 Be5g7
6.Bf1c4 Bg7xc3
7.bxc3 h6
8.O-O f6
9.e5 f5
10.Rf1e1 Nb8c6
11.Bc4xg8 Rh8xg8
12.Bc1xh6 Qd8e7
13.Bh6g5 Qe7h7
14.e6 d6
15.Ra1b1 b6
16.Qd1d5 Bc8b7
17.Bg5f6 Rg8f8
18.Nf3g5 Qh7g8
19.Ng5f7 Ra8b8
{ time. }
0-1

[Event "Match"]
[Site "www.echecsemail.com"]
[Date "2015.12.27"]
[Round "1"]
[White "Hundegana"]
[Black "Dulap"]
[WhiteElo "2000"]
[BlackElo "999"]
[Result "0-1"]
[Round "1"]
1.e4 e5
2.Ng1f3 Nb8c6
3.c4 Ng8f6
4.d3 Bf8b4
5.Nb1c3 d6
6.a3 Bb4xc3
7.bxc3 Bc8g4
8.h3 Bg4h5
9.g4 Bh5g6
10.Ra1b1 Ra8b8
11.Bf1e2 O-O
12.Nf3h4 Nc6e7
13.Nh4xg6 Ne7xg6
14.h4 Qd8d7
15.g5 Nf6e8
16.h5 Ng6f4
17.Bc1xf4 exf4
18.Be2g4 Qd7e7
19.g6 fxg6
20.hxg6 h6
21.f3 Ne8f6
22.Bg4h3 c6
23.Qd1d2 d5
24.cxd5 cxd5
25.Kf2 dxe4
26.fxe4 Rf8d8
27.Qd2xf4 Rd8f8
28.Ke2 Nf6d5
29.Qf4c1 Nd5f4
30.Ke3 Rb8d8
31.d4 Nf4xh3
32.Rh1xh3 Qe7g5
33.Kd3 Qg5g4
34.Qc1e3 b6
35.Rb1g1 Qg4d7
36.c4 Qd7a4
37.Kd2 Rd8c8
38.c5 bxc5
39.dxc5 Rf8d8
40.Ke2 Qa4c2
41.Kf3 Rd8d3
42.Qe3xd3 Qc2xd3
43.Kg4 Qd3xe4
44.Kg3 Qe4xg6
45.Kh2 Qg6f6
46.Rh3g3 Rc8xc5
47.Kg2 Rc5c2
48.Kh3 Rc2c3
49.Rg3xc3 Qf6xc3
50.Rg1g3 Qc3b2
51.Kh4 g5
52.Kh3 Kh7
53.Kg4 a5
54.Rg3f3 Qb2d4
55.Kg3 Kg6
56.Kg2 h5
57.Kg3 Qd4g4
58.Kf2 h4
59.Ke3 h3
60.Kf2 Qg4g2
61.Ke3 h2
62.Rf3f2 Qg2g1
63.a4 h1Q
64.Ke2 Qg1e1
65.Kd3 Qe1xf2
66.Kc4 Qh1e4
67.Kb5 Qf2f5
68.Ka6 Qe4e6
69.Ka7 Qf5f7
70.Kb8 Kf5
71.Ka8 Ke4
72.Kb8 Kf3
73.Ka8 Qe6e8

0-1

[Event "Match"]
[Site "www.echecsemail.com"]
[Date "2015.12.27"]
[Round "1"]
[White "Pariolinius"]
[Black "Liencam2"]
[WhiteElo "2030"]
[BlackElo "2350"]
[Result "0-1"]
[Round "1"]
1.d4 Ng8f6
2.Ng1f3 g6
3.e3 Bf8g7
4.Bf1d3 O-O
5.c3 d6
6.Nb1d2 Nb8d7
7.O-O e5
8.Nd2b3 e4
{ resign }
0-1

[Event "Match"]
[Site "www.echecsemail.com"]
[Date "2015.12.27"]
[Round "1"]
[White "Tldarr"]
[Black "Mrmoto"]
[WhiteElo "1499"]
[BlackElo "1540"]
[Result "1-0"]
[Round "1"]
1.d4 d5
2.Ng1f3 Nb8c6
3.Nb1c3 Ng8f6
4.Nc3xd5 Qd8xd5
5.e3 Qd5d8
6.c3 Bc8g4
7.h3 Bg4h5
8.Qd1b3 Nc6a5
9.Qb3b5 Na5c6
10.Qb5xb7 e6
11.Qb7xc6 Nf6d7
12.Nf3e5 Ra8c8
13.Bf1c4 Bf8d6
14.g4 Bh5g6
15.d5 Bd6xe5
16.dxe6 Qd8e7
17.exf7 Bg6xf7
18.Bc4xf7 Kxf7
19.Qc6f3 Nd7f6
20.g5 Rh8d8
21.gxf6 gxf6
22.Rh1g1 Rd8g8
23.Qf3h5 Ke6
24.Rg1xg8 Rc8xg8
25.e4 Qe7d7
26.Qh5f5 Ke7
27.Qf5xh7 { resign }
1-0

[Event "1/8 Finale"]
[Site "www.chess-mail.com"]
[Date "2015.12.27"]
[Round "1"]
[White "Ostapbender"]
[Black "Chessmith19"]
[WhiteElo "2750"]
[BlackElo "2620"]
[Result "1-0"]
[Round "1"]
1.c4 Ng8f6
2.Nb1c3 e5
3.g3 Bf8c5
4.Bf1g2 Nb8c6
5.Ng1f3 d6
6.O-O O-O
7.d3 a5
8.b3 h6
9.e3 Bc8g4
10.h3 Bg4f5
11.Bc1b2 Bc5a7
12.d4 Qd8e7
13.Nc3d5 Nf6xd5
14.cxd5 Nc6b4
15.dxe5 Nb4d3
16.exd6 cxd6
17.Bb2d4 Ba7c5
18.Qd1e2 Bc5a3
19.Nf3d2 Ba3c5
20.Bd4c3 Nd3b4
21.Qe2f3 Bf5g6
22.h4 Nb4c2
23.Ra1c1 Nc2b4
24.Rc1a1 Nb4c2
25.Ra1d1 Rf8c8
26.e4 b5
27.Nd2b1 a4
28.Rd1d2 b4
29.Bc3xg7 Kxg7
30.Rd2xc2 Qe7e5
31.Kh2 Bc5b6
32.Rc2d2 Rc8e8
33.Qf3g4 h5
34.Qg4d7 axb3
35.axb3 Ra8b8
36.Qd7c6  { time }
1-0

[Event "Fast Game"]
[Site "www.echecsemail.com"]
[Date "2015.12.27"]
[Round "1"]
[White "Hennie4820"]
[Black "Pellix84"]
[WhiteElo "1660"]
[BlackElo "1630"]
[Result "1-0"]
[Round "1"]
1.e4 c5
2.Ng1f3 d6
3.d4 cxd4
4.Nf3xd4 Ng8f6
5.Nb1c3 a6
6.Bf1e2 e5
7.Nd4b3 Bc8e6
8.O-O Bf8e7
9.Bc1e3 O-O
10.Nc3d5 Nb8d7
11.Nd5xf6 Nd7xf6
12.f3 Qd8c7
13.c3 Rf8d8
14.Qd1c2 d5
15.exd5 Nf6xd5
16.Be3f2 a5
17.a4 Rd8d6
18.Nb3c5  { time }
1-0

[Event "Tourn. n8499"]
[Site "www.chess-mail.com"]
[Date "2015.12.28"]
[Round "1"]
[White "Jhw"]
[Black "Pimax"]
[WhiteElo "2020"]
[BlackElo "2240"]
[Result "0-1"]
[Round "1"]
1.f4 d5
2.c4 Ng8f6
3.Ng1f3 dxc4
4.Qd1a4 Nb8c6
5.Qa4xc4 g6
6.e4 Bf8h6
7.d3 O-O
8.e5 Bc8e6
9.Qc4b5 Nf6d5
10.Qb5xb7 Nd5b4
11.Qb7b5 Nb4c2
12.Kf2 Be6d7
13.Qb5c4 Nc2xa1
14.h3 Qd8b8
15.Nb1c3 Qb8b6
16.Bc1e3 Qb6xb2
{ resign }
0-1

[Event "Tourn. n8495"]
[Site "www.chess-mail.com"]
[Date "2015.12.28"]
[Round "1"]
[White "Norlavuaram"]
[Black "Genius7"]
[WhiteElo "2270"]
[BlackElo "2000"]
[Result "1/2-1/2"]
[Round "1"]
1.e4 e5
2.Ng1f3 Nb8c6
3.Bf1b5 Ng8f6
4.O-O Nf6xe4
5.d4 Ne4d6
6.Bb5xc6 dxc6
7.dxe5 Nd6f5
8.Qd1xd8 Kxd8
9.Bc1g5 Bf8e7
10.Bg5xe7 Nf5xe7
11.Nb1c3 h6
12.Ra1d1 Ke8
13.h3 Bc8f5
14.Rd1d2 Ra8d8
15.Rf1d1 Rd8xd2
16.Rd1xd2 Bf5e6
17.a3 Ne7g6
18.Nc3e4 Ke7
19.Ne4c5 Be6c8
20.Nc5d3 Rh8d8
{ draw }
1/2-1/2

[Event "Tourn. n8511"]
[Site "www.chess-mail.com"]
[Date "2015.12.28"]
[Round "1"]
[White "Masteratches"]
[Black "Wwgia"]
[WhiteElo "2340"]
[BlackElo "2220"]
[Result "1-0"]
[Round "1"]
1.d4 Ng8f6
2.c4 g6
3.Nb1c3 d5
4.Bc1g5 Nf6e4
5.Bg5f4 Ne4xc3
6.bxc3 c5
7.cxd5 Qd8xd5
8.e3 cxd4
9.Qd1xd4 Qd5xd4
10.cxd4 Nb8c6
11.Ng1f3 Bf8g7
12.Ra1b1 O-O
13.Kd2 Rf8d8
14.Bf1d3 b6
15.Bf4c7 Rd8d7
16.Bc7g3 Bc8b7
17.Rh1c1 Ra8c8
18.Rc1c4 Nc6a5
19.Rc4xc8 Bb7xc8
20.Ke2 Bc8b7
21.Rb1c1 h6
22.a4 Bb7c6
23.Rc1xc6 Na5xc6
24.Bd3b5 { resign }
1-0

[Event "Tourn. n8450"]
[Site "www.chess-mail.com"]
[Date "2015.12.28"]
[Round "1"]
[White "Wwgia"]
[Black "Sonivano"]
[WhiteElo "2200"]
[BlackElo "2310"]
[Result "0-1"]
[Round "1"]
1.d4 Ng8f6
2.c4 e6
3.Ng1f3 d5
4.Nb1c3 Bf8b4
5.Bc1g5 O-O
6.e3 c5
7.a3 Bb4xc3
8.bxc3 Nb8d7
9.Bf1e2 Qd8a5
10.O-O Nf6e4
11.Bg5h4 Ne4xc3
12.Qd1d2 Nc3xe2
13.Qd2xe2 dxc4
14.Qe2xc4 b5
15.Qc4c2 c4
16.Rf1b1 Nd7b6
17.Nf3e5 Bc8b7
18.Bh4e7 Rf8e8
19.Be7b4 Qa5a6
20.f4 f6
21.Ne5g4 Nb6d5
22.Qc2e2 Qa6c6
23.Bb4d2 Nd5b6
24.h3 a5
25.Ng4h2 e5
26.dxe5 fxe5
27.fxe5 Re8xe5
28.Bd2c3 Re5xe3
{ resign }
0-1

[Event "Tourn. n8500"]
[Site "www.chess-mail.com"]
[Date "2015.12.28"]
[Round "1"]
[White "Caspito"]
[Black "Easychess"]
[WhiteElo "1770"]
[BlackElo "1600"]
[Result "0-1"]
[Round "1"]
1.e4 e5
2.Ng1f3 Nb8c6
3.Bf1c4 Bf8c5
4.c3 Ng8f6
5.b4 Bc5b6
6.Bc4xf7 Kxf7
7.Nf3g5 Kf8
8.d4 exd4
9.Qd1b3 d5
10.a4 a6
11.O-O h6
12.exd5 Qd8xd5
13.Qb3xd5 Nf6xd5
14.Ng5e4 Nd5xc3
15.Nb1xc3 dxc3
16.Ne4xc3 Bb6d4
17.Bc1b2 Bc8f5
18.Ra1a2 Nc6xb4
19.Ra2a3 Kf7
20.Ra3b3 c5
21.h3 Rh8e8
22.Bb2a1 Bf5d3
23.Rf1d1 Bd3c2
{ resign }
0-1

[Event "Tourn. n8497"]
[Site "www.chess-mail.com"]
[Date "2015.12.28"]
[Round "1"]
[White "Neo"]
[Black "Falcoale"]
[WhiteElo "1890"]
[BlackElo "1880"]
[Result "1-0"]
[Round "1"]
1.d4 Ng8f6
2.e3 e6
3.g3 d5
4.Bf1g2 Bf8d6
5.Ng1f3 b6
6.Nf3e5 Bd6xe5
7.dxe5 Nf6d7
8.O-O Bc8b7
9.c4 c6
10.cxd5 cxd5
11.Qd1d4 Nb8c6
12.Qd4a4 O-O
13.b3 a6
14.Bc1b2 Nc6xe5
15.Bb2xe5 Nd7c5
16.Qa4d4 f6
17.Be5xf6 Rf8xf6
18.Nb1d2 a5
19.a4 e5
20.Qd4h4 Nc5d3
21.Bg2f3  { time }
1-0

[Event "Tourn. n8511"]
[Site "www.chess-mail.com"]
[Date "2015.12.28"]
[Round "1"]
[White "Wwgia"]
[Black "Yangqi"]
[WhiteElo "2220"]
[BlackElo "2610"]
[Result "0-1"]
[Round "1"]
1.d4 d5
2.c4 Bc8f5
3.cxd5 Bf5xb1
4.Qd1a4 c6
5.Ra1xb1 Qd8xd5
6.f3 b5
7.e4 Qd5xe4
8.fxe4 bxa4
9.Ng1f3 e6
10.Bf1c4 Ng8f6
11.e5 Nf6d5
12.O-O Bf8e7
13.Bc1d2 Nb8d7
14.Rf1c1 h6
15.Kf2 Ra8b8
16.Bd2e1 g5
17.Nf3d2 c5
18.dxc5 Be7xc5
19.Kg3 Bc5e3
20.Kf3 Nd7xe5
21.Ke4 Be3f4
22.Bc4xd5 exd5
23.Kxd5 O-O
{ resign }
0-1

[Event "Tourn. n8462"]
[Site "www.chess-mail.com"]
[Date "2015.12.28"]
[Round "1"]
[White "Wwgia"]
[Black "Emiondi"]
[WhiteElo "2210"]
[BlackElo "2139"]
[Result "0-1"]
[Round "1"]
1.d4 Ng8f6
2.c4 g6
3.Nb1c3 Bf8g7
4.e4 d6
5.Ng1f3 O-O
6.Bf1e2 e5
7.O-O Nb8c6
8.d5 Nc6e7
9.Nf3e1 Nf6d7
10.Bc1e3 f5
11.f3 f4
12.Be3f2 g5
13.a4 Ne7g6
14.b4 Rf8f7
15.c5 Nd7f6
16.cxd6 cxd6
17.Nc3b5 a6
18.Nb5a3 h5
19.Na3c4 g4
20.Bf2b6 Qd8e7
21.b5 Bc8d7
22.bxa6 bxa6
23.Bb6c7 Nf6e8
24.Bc7a5 Qe7h4
25.g3 fxg3
26.hxg3 Qh4xg3
27.Ne1g2 Ng6h4
{ resign }
0-1

[Event "Tourn. n8478"]
[Site "www.chess-mail.com"]
[Date "2015.12.28"]
[Round "1"]
[White "Cathar"]
[Black "Wwgia"]
[WhiteElo "2360"]
[BlackElo "2230"]
[Result "1-0"]
[Round "1"]
1.d4 Ng8f6
2.c4 g6
3.Nb1c3 d5
4.cxd5 Nf6xd5
5.e4 Nd5xc3
6.bxc3 Bf8g7
7.Bc1e3 O-O
8.Ng1f3 c5
9.Bf1e2 Nb8d7
10.O-O Nd7f6
11.Qd1d3 b6
12.d5 Qd8c7
13.Ra1d1 e5
14.Nf3d2 Nf6e8
15.f4 Ne8d6
16.fxe5 Bg7xe5
17.Be3h6 Rf8e8
18.Nd2f3 c4
19.Qd3c2 Nd6xe4
20.Nf3xe5 Qc7xe5
21.Be2xc4 Ne4d6
22.Bh6f4 Qe5e7
23.Rd1e1 Qe7d8
24.Re1xe8 Nd6xe8
25.d6 Bc8d7
26.Bc4xf7 { resign }
1-0

[Event "Tourn. n8439"]
[Site "www.chess-mail.com"]
[Date "2015.12.28"]
[Round "1"]
[White "Liencam2"]
[Black "Sfalcao"]
[WhiteElo "2280"]
[BlackElo "2020"]
[Result "1-0"]
[Round "1"]
1.e4 c5
2.Nb1c3 Nb8c6
3.Ng1f3 g6
4.d4 cxd4
5.Nf3xd4 Bf8g7
6.Bc1e3 Ng8f6
7.Bf1c4 O-O
8.Bc4b3 d6
9.f3 Bc8d7
10.Qd1d2 Nc6a5
11.h4 Na5xb3
12.cxb3 a6
13.g4 e5
14.Nd4e2 Bd7e6
15.h5 Ra8c8
16.hxg6 fxg6
17.Be3h6 Rf8f7
18.O-O-O Bg7xh6
19.Rh1xh6 Qd8a5
20.Kb1 Rc8d8
21.Ne2g3 b5
22.Rd1h1 Rd8d7
23.Qd2h2 Qa5c7
24.Rh6xg6 Kf8
25.Rg6h6 Rd7e7
26.Ng3f5 Be6xf5
27.gxf5 Nf6g8
28.Nc3d5 Qc7a7
29.Nd5xe7 Ng8xh6
30.Ne7g6 hxg6
31.Qh2xh6 Ke8
32.Qh6xg6 Qa7e7
33.Rh1h8 Kd7
34.Rh8a8 Kc6
35.Ra8xa6 Kb7
36.Ra6xd6 Qe7c7
37.Rd6b6 Qc7xb6
38.Qg6xf7 Ka6
39.Qf7e6 { resign }
1-0